[Event "Irena Warakomska Memorial A"]
[Site "Suwalki"]
[Date "2018.08.06"]
[Round "7"]
[White "Pietruszewski, Marcin"]
[Black "Kowalski, Igor"]
[Result "1-0"]
[Board "29"]
[WhiteElo "2208"]
[WhiteCountry "POL"]
[WhiteFideId "1170295"]
[WhiteEloChange "13"]
[BlackElo "2324"]
[BlackTitle "FM"]
[BlackCountry "POL"]
[BlackFideId "1172468"]
[BlackEloChange "-13"]

1. e4 {[%clk 1:30:58]} c6 {[%clk 1:30:57]} 2. d4 {[%clk 1:31:18]} d5 {[%clk
1:31:24]} 3. e5 {[%clk 1:31:45]} Bf5 {[%clk 1:31:51]} 4. Nf3 {[%clk 1:32:10]} e6
{[%clk 1:32:19]} 5. Be2 {[%clk 1:32:38]} Nd7 {[%clk 1:32:43]} 6. O-O {[%clk
1:32:58]} h6 {[%clk 1:33:10]} 7. Nbd2 {[%clk 1:32:13]} Ne7 {[%clk 1:33:35]} 8.
Nb3 {[%clk 1:31:30]} Bh7 {[%clk 1:33:47]} 9. a4 {[%clk 1:30:52]} Nf5 {[%clk
1:34:07]} 10. a5 {[%clk 1:24:56]} a6 {[%clk 1:34:06]} 11. c4 {[%clk 1:22:15]}
dxc4 {[%clk 1:34:16]} 12. Bxc4 {[%clk 1:22:43]} Ne7 {[%clk 1:34:27]} 13. Ne1
{[%clk 1:22:57]} c5 {[%clk 1:32:20]} 14. Nf3 {[%clk 1:17:24]} Be4 {[%clk
1:26:00]} 15. Nxc5 {[%clk 1:10:07]} Nxc5 {[%clk 1:26:02]} 16. dxc5 {[%clk
1:10:35]} Nc6 {[%clk 1:16:32]} 17. Be3 {[%clk 1:04:10]} Qxd1 {[%clk 0:56:34]} 18.
Rfxd1 {[%clk 1:04:02]} Bxf3 {[%clk 0:56:59]} 19. gxf3 {[%clk 1:04:27]} Nxe5
{[%clk 0:57:22]} 20. Be2 {[%clk 1:00:34]} Be7 {[%clk 0:57:32]} 21. b4 {[%clk
0:44:39]} O-O {[%clk 0:57:03]} 22. f4 {[%clk 0:33:45]} Nc6 {[%clk 0:57:07]} 23.
Rd7 {[%clk 0:34:13]} Bf6 {[%clk 0:56:16]} 24. Rb1 {[%clk 0:18:48]} Rfb8 {[%clk
0:53:30]} 25. Bf3 {[%clk 0:15:45]} Bc3 {[%clk 0:53:09]} 26. Rxb7 {[%clk 0:15:47]}
Rxb7 {[%clk 0:52:31]} 27. Bxc6 {[%clk 0:16:15]} Rab8 {[%clk 0:52:23]} 28. Bxb7
{[%clk 0:16:10]} Rxb7 {[%clk 0:52:48]} 29. c6 {[%clk 0:16:28]} Rc7 {[%clk
0:51:24]} 30. Rc1 {[%clk 0:16:47]} Bxb4 {[%clk 0:41:49]} 31. Bb6 {[%clk 0:16:00]}
Rc8 {[%clk 0:42:07]} 32. c7 {[%clk 0:16:17]} Kf8 {[%clk 0:39:38]} 33. Rd1 {[%clk
0:16:43]} Be7 {[%clk 0:40:04]} 34. Rd8+ {[%clk 0:16:51]} Bxd8 {[%clk 0:40:31]}
35. cxd8Q+ {[%clk 0:17:14]} Rxd8 {[%clk 0:40:58]} 36. Bxd8 {[%clk 0:17:42]} Ke8
{[%clk 0:41:22]} 37. Bb6 {[%clk 0:17:59]} Kd7 {[%clk 0:41:46]} 38. Kg2 {[%clk
0:18:16]} Kd6 {[%clk 0:42:10]} 39. Kf3 {[%clk 0:18:37]} Kd5 {[%clk 0:41:51]} 40.
Ke3 {[%clk 0:48:51]} f6 {[%clk 1:11:10]} 41. Bd8 {[%clk 0:46:03]} f5 {[%clk
1:09:37]} 42. Be7 {[%clk 0:43:38]} e5 {[%clk 1:08:03]} 43. Bf8 {[%clk 0:43:36]}
g5 {[%clk 1:08:23]} 44. Bxh6 {[%clk 0:43:47]} gxf4+ {[%clk 1:08:40]} 45. Bxf4
{[%clk 0:43:52]} exf4+ {[%clk 1:08:33]} 46. Kxf4 {[%clk 0:43:08]} 1-0

[Event "Irena Warakomska Memorial A"]
[Site "Suwalki"]
[Date "2018.08.06"]
[Round "7"]
[White "Praczukowski, Stanislaw"]
[Black "Paprocki, Jaroslaw"]
[Result "1/2-1/2"]
[Board "39"]
[WhiteElo "2170"]
[WhiteCountry "POL"]
[WhiteFideId "1182730"]
[WhiteEloChange "-1"]
[BlackElo "2143"]
[BlackCountry "POL"]
[BlackFideId "1122274"]
[BlackEloChange "1"]

1. e4 {[%clk 1:30:57]} e5 {[%clk 1:30:43]} 2. Nf3 {[%clk 1:31:21]} Nc6 {[%clk
1:31:06]} 3. d4 {[%clk 1:31:46]} exd4 {[%clk 1:31:31]} 4. Nxd4 {[%clk 1:32:09]}
Bb4+ {[%clk 1:31:58]} 5. c3 {[%clk 1:32:10]} Bc5 {[%clk 1:32:24]} 6. Nxc6 {[%clk
1:32:29]} bxc6 {[%clk 1:27:10]} 7. Bd3 {[%clk 1:32:45]} Qh4 {[%clk 1:23:04]} 8.
Qe2 {[%clk 1:31:41]} d6 {[%clk 1:18:18]} 9. Be3 {[%clk 1:20:03]} Bxe3 {[%clk
1:18:44]} 10. Qxe3 {[%clk 1:20:21]} Nf6 {[%clk 1:16:10]} 11. O-O {[%clk 1:10:59]}
O-O {[%clk 1:13:46]} 12. Nd2 {[%clk 1:10:50]} Re8 {[%clk 1:07:00]} 13. Qg3 {[%clk
1:05:14]} Qxg3 {[%clk 1:01:27]} 14. hxg3 {[%clk 1:05:21]} Bg4 {[%clk 0:53:55]}
15. f3 {[%clk 1:04:57]} Be6 {[%clk 0:51:11]} 16. g4 {[%clk 0:53:54]} h6 {[%clk
0:44:33]} 17. Kf2 {[%clk 0:51:08]} Nd7 {[%clk 0:44:22]} 18. Rfb1 {[%clk 0:44:20]}
Ne5 {[%clk 0:43:45]} 19. Be2 {[%clk 0:43:23]} c5 {[%clk 0:37:41]} 20. Kg3 {[%clk
0:38:23]} g5 {[%clk 0:31:16]} 21. b4 {[%clk 0:35:46]} cxb4 {[%clk 0:22:59]} 22.
cxb4 {[%clk 0:34:24]} c5 {[%clk 0:19:54]} 23. bxc5 {[%clk 0:32:07]} dxc5 {[%clk
0:20:19]} 24. Rb5 {[%clk 0:30:56]} Rac8 {[%clk 0:14:19]} 25. Nb3 {[%clk 0:28:37]}
Nc6 {[%clk 0:06:49]} 26. Rxc5 {[%clk 0:15:13]} Nd4 {[%clk 0:06:14]} 27. Bd1
{[%clk 0:14:17]} Bxb3 {[%clk 0:05:00]} 28. Rxc8 {[%clk 0:14:37]} Rxc8 {[%clk
0:05:29]} 29. Bxb3 {[%clk 0:11:06]} Nxb3 {[%clk 0:05:16]} 30. axb3 {[%clk
0:11:27]} Rc3 {[%clk 0:05:19]} 31. Ra3 {[%clk 0:09:54]} a5 {[%clk 0:05:15]} 32.
Rxa5 {[%clk 0:09:50]} Rxb3 {[%clk 0:05:35]} 33. Ra2 {[%clk 0:09:59]} Kg7 {[%clk
0:05:43]} 34. Kf2 {[%clk 0:10:19]} Kg6 {[%clk 0:03:47]} 35. Rd2 {[%clk 0:10:41]}
Ra3 {[%clk 0:01:07]} 36. Ke2 {[%clk 0:11:04]} f6 {[%clk 0:00:44]} 37. g3 {[%clk
0:11:08]} Rb3 {[%clk 0:00:41]} 38. Kf2 {[%clk 0:11:21]} Rb4 {[%clk 0:00:50]} 39.
Re2 {[%clk 0:11:17]} h5 {[%clk 0:00:47]} 40. gxh5+ {[%clk 0:40:55]} Kxh5 {[%clk
0:31:15]} 41. Kg2 {[%clk 0:40:53]} Ra4 {[%clk 0:30:09]} 42. Rb2 {[%clk 0:39:38]}
g4 {[%clk 0:27:54]} 43. Rb5+ {[%clk 0:37:24]} Kg6 {[%clk 0:28:08]} 44. Rb2 {[%clk
0:36:07]} Rc4 {[%clk 0:24:47]} 45. Re2 {[%clk 0:35:34]} gxf3+ {[%clk 0:24:35]}
46. Kxf3 {[%clk 0:35:57]} Kg5 {[%clk 0:24:49]} 47. Re3 {[%clk 0:36:14]} Rc5
{[%clk 0:24:40]} 48. Rd3 {[%clk 0:36:31]} Rc1 {[%clk 0:22:01]} 49. Rd5+ {[%clk
0:36:54]} Kg6 {[%clk 0:22:25]} 50. Kf4 {[%clk 0:37:01]} Rf1+ {[%clk 0:22:35]} 51.
Kg4 {[%clk 0:37:25]} Re1 {[%clk 0:22:53]} 52. Rd4 {[%clk 0:37:47]} Rxe4+ {[%clk
0:22:26]} 53. Rxe4 {[%clk 0:38:11]} f5+ {[%clk 0:22:53]} 54. Kf4 {[%clk 0:38:37]}
fxe4 {[%clk 0:23:19]} 55. Kxe4 {[%clk 0:39:04]} Kg5 {[%clk 0:23:38]} 56. Kf3
{[%clk 0:39:30]} Kf5 {[%clk 0:24:04]} 57. g4+ {[%clk 0:39:58]} Kg5 {[%clk
0:24:31]} 58. Kg3 {[%clk 0:40:25]} Kg6 {[%clk 0:24:56]} 59. g5 {[%clk 0:40:48]}
Kf5 {[%clk 0:25:06]} 60. g6 {[%clk 0:41:14]} Kf6 {[%clk 0:25:34]} 61. g7 {[%clk
0:41:41]} Kf7 {[%clk 0:26:02]} 62. g8B+ {[%clk 0:42:04]} 1/2-1/2

[Event "Irena Warakomska Memorial A"]
[Site "Suwalki"]
[Date "2018.08.06"]
[Round "7"]
[White "Lewtak, Dominik"]
[Black "Lisowski, Krzysztof"]
[Result "1-0"]
[Board "41"]
[WhiteElo "2164"]
[WhiteCountry "POL"]
[WhiteFideId "1112570"]
[WhiteEloChange "7"]
[BlackElo "2072"]
[BlackCountry "POL"]
[BlackFideId "1110969"]
[BlackEloChange "-7"]

1. e4 {[%clk 1:30:56]} c5 {[%clk 1:30:51]} 2. Nf3 {[%clk 1:31:19]} Nc6 {[%clk
1:31:15]} 3. Bb5 {[%clk 1:31:43]} g6 {[%clk 1:31:05]} 4. O-O {[%clk 1:31:54]} Bg7
{[%clk 1:30:50]} 5. Re1 {[%clk 1:32:08]} Nf6 {[%clk 1:17:03]} 6. Nc3 {[%clk
1:32:12]} O-O {[%clk 1:16:16]} 7. e5 {[%clk 1:31:27]} Ne8 {[%clk 1:16:26]} 8. d3
{[%clk 1:30:38]} Nc7 {[%clk 1:10:30]} 9. Bxc6 {[%clk 1:26:48]} dxc6 {[%clk
1:06:53]} 10. Bg5 {[%clk 1:25:15]} Bg4 {[%clk 0:59:25]} 11. h3 {[%clk 1:23:12]}
Bxf3 {[%clk 0:59:44]} 12. Qxf3 {[%clk 1:23:36]} Ne6 {[%clk 0:59:08]} 13. Bh4
{[%clk 1:23:03]} Qc7 {[%clk 0:42:24]} 14. Bg3 {[%clk 1:22:10]} Rad8 {[%clk
0:41:25]} 15. b3 {[%clk 1:16:11]} Qa5 {[%clk 0:32:33]} 16. Ne2 {[%clk 1:10:53]}
Rd5 {[%clk 0:32:08]} 17. Qe4 {[%clk 1:05:57]} Rfd8 {[%clk 0:24:04]} 18. a4 {[%clk
1:05:16]} Bh6 {[%clk 0:15:57]} 19. Rad1 {[%clk 1:01:21]} Qb4 {[%clk 0:14:14]} 20.
Qxb4 {[%clk 0:59:05]} cxb4 {[%clk 0:14:40]} 21. f4 {[%clk 0:59:11]} f6 {[%clk
0:09:10]} 22. exf6 {[%clk 0:57:34]} exf6 {[%clk 0:09:36]} 23. Nc3 {[%clk
0:57:06]} bxc3 {[%clk 0:08:09]} 24. Rxe6 {[%clk 0:57:30]} Kf7 {[%clk 0:07:39]}
25. Rde1 {[%clk 0:57:35]} R8d7 {[%clk 0:07:00]} 26. R6e4 {[%clk 0:55:52]} f5
{[%clk 0:03:45]} 27. Rc4 {[%clk 0:53:06]} Rd4 {[%clk 0:01:48]} 28. Rxd4 {[%clk
0:52:15]} Rxd4 {[%clk 0:02:13]} 29. Bf2 {[%clk 0:52:28]} Rd7 {[%clk 0:01:45]} 30.
g3 {[%clk 0:52:20]} a6 {[%clk 0:01:47]} 31. Re5 {[%clk 0:52:14]} Bg7 {[%clk
0:01:35]} 32. Rc5 {[%clk 0:52:04]} Ke6 {[%clk 0:01:52]} 33. Rc4 {[%clk 0:51:21]}
Kd5 {[%clk 0:01:45]} 34. a5 {[%clk 0:49:42]} Ke6 {[%clk 0:01:28]} 35. Kf1 {[%clk
0:48:31]} Rd5 {[%clk 0:00:59]} 36. Bb6 {[%clk 0:48:54]} Bf6 {[%clk 0:00:58]} 37.
Ke2 {[%clk 0:48:52]} Rd7 {[%clk 0:00:57]} 38. d4 {[%clk 0:48:16]} g5 {[%clk
0:00:59]} 39. fxg5 {[%clk 1:18:35]} Bxg5 {[%clk 0:01:12]} 40. Rxc3 {[%clk
1:18:05]} Rg7 {[%clk 0:00:37]} 41. Kf3 {[%clk 1:17:35]} Be7 {[%clk 0:24:34]} 42.
Re3+ {[%clk 1:16:27]} Kd7 {[%clk 0:22:49]} 43. Bc5 {[%clk 1:14:42]} Bd8 {[%clk
0:22:36]} 44. Bb4 {[%clk 1:05:02]} Bc7 {[%clk 0:14:05]} 45. Be1 {[%clk 1:04:15]}
Rf7 {[%clk 0:05:32]} 46. Ke2 {[%clk 1:03:19]} f4 {[%clk 0:12:59]} 47. gxf4 {[%clk
1:04:40]} Bxf4 {[%clk 0:12:59]} 48. Rf3 {[%clk 1:03:37]} Re7+ {[%clk 0:12:15]}
49. Kd3 {[%clk 1:02:52]} Bc7 {[%clk 0:10:36]} 50. Bd2 {[%clk 1:02:31]} Rg7 {[%clk
0:07:51]} 51. b4 {[%clk 1:02:07]} Ke6 {[%clk 0:03:19]} 52. h4 {[%clk 1:00:13]}
Bd8 53. h5 {[%clk 0:59:40]} Bf6 {[%clk 0:03:26]} 54. c3 {[%clk 0:57:26]} Rg2
{[%clk 0:03:18]} 55. Be3 {[%clk 0:56:09]} Rh2 {[%clk 0:03:29]} 56. h6 {[%clk
0:56:34]} Be7 {[%clk 0:02:50]} 57. Kc4 {[%clk 0:56:23]} Rh5 {[%clk 0:03:02]} 58.
Bf4 {[%clk 0:54:24]} Rh1 {[%clk 0:02:12]} 59. Rg3 {[%clk 0:53:45]} Bf8 {[%clk
0:02:02]} 60. Re3+ {[%clk 0:53:05]} Kd7 {[%clk 0:02:12]} 61. Bg5 {[%clk 0:52:13]}
Rh5 {[%clk 0:02:20]} 62. Re5 {[%clk 0:50:43]} Bd6 {[%clk 0:02:23]} 63. Rf5 {[%clk
0:50:14]} Be7 {[%clk 0:02:40]} 64. Rf7 {[%clk 0:50:24]} Rxg5 {[%clk 0:03:05]} 65.
Rxh7 {[%clk 0:50:48]} Rh5 {[%clk 0:02:44]} 66. Rh8 {[%clk 0:51:01]} Bf6 {[%clk
0:01:35]} 67. Rh7+ {[%clk 0:51:25]} Be7 {[%clk 0:01:24]} 68. Rh8 {[%clk 0:51:09]}
Bg5 {[%clk 0:01:22]} 69. h7 {[%clk 0:51:16]} Bf6 {[%clk 0:01:38]} 70. Rf8 {[%clk
0:51:32]} Ke6 {[%clk 0:01:44]} 71. Re8+ {[%clk 0:51:33]} Kf5 {[%clk 0:01:15]} 72.
h8Q {[%clk 0:51:49]} Bxh8 {[%clk 0:00:41]} 73. Re7 {[%clk 0:52:12]} Bf6 {[%clk
0:00:37]} 74. Rxb7 {[%clk 0:52:17]} Rh8 {[%clk 0:00:41]} 75. Rc7 {[%clk 0:52:19]}
Ra8 {[%clk 0:00:43]} 76. Rxc6 {[%clk 0:52:41]} Bg5 {[%clk 0:00:48]} 77. Kc5
{[%clk 0:52:23]} Bd8 {[%clk 0:01:02]} 78. Kd5 {[%clk 0:51:29]} Bf6 {[%clk
0:00:44]} 79. Kd6 {[%clk 0:51:21]} Bd8 {[%clk 0:00:24]} 80. Kd7 {[%clk 0:47:37]}
Bg5 {[%clk 0:01:09]} 81. Kc7 {[%clk 0:47:18]} Bd2 {[%clk 0:00:40]} 82. Kb7 {[%clk
0:47:33]} Rh8 {[%clk 0:00:49]} 83. Kxa6 {[%clk 0:47:17]} Rh3 {[%clk 0:01:13]} 84.
Kb6 {[%clk 0:41:58]} Bxc3 {[%clk 0:01:36]} 85. Rxc3 {[%clk 0:41:52]} Rxc3 {[%clk
0:02:02]} 86. a6 {[%clk 0:42:16]} Rc4 {[%clk 0:00:58]} 87. b5 {[%clk 0:42:40]}
Rxd4 {[%clk 0:00:37]} 88. a7 {[%clk 0:43:05]} Rd8 {[%clk 0:00:29]} 89. Kc7 {[%clk
0:43:02]} Ra8 {[%clk 0:00:34]} 90. Kb7 {[%clk 0:43:14]} 1-0

[Event "Irena Warakomska Memorial A"]
[Site "Suwalki"]
[Date "2018.08.06"]
[Round "7"]
[White "Grib, Roman"]
[Black "Nowak, Lukasz"]
[Result "0-1"]
[Board "44"]
[WhiteElo "2445"]
[WhiteTitle "IM"]
[WhiteCountry "BLR"]
[WhiteFideId "13506706"]
[WhiteEloChange "-7"]
[BlackElo "2293"]
[BlackCountry "POL"]
[BlackFideId "1166760"]
[BlackEloChange "14"]

1. e4 {[%clk 1:30:30]} e6 {[%clk 1:30:30]} 2. d4 {[%clk 1:30:30]} d5 {[%clk
1:30:30]} 3. Nc3 {[%clk 1:30:30]} Bb4 {[%clk 1:30:30]} 4. e5 {[%clk 1:30:30]} Ne7
{[%clk 1:30:30]} 5. a3 {[%clk 1:30:30]} Bxc3+ {[%clk 1:30:30]} 6. bxc3 {[%clk
1:30:30]} c5 {[%clk 1:30:30]} 7. Nf3 {[%clk 1:30:30]} b6 {[%clk 1:30:30]} 8. Bb5+
{[%clk 1:30:30]} Bd7 {[%clk 1:30:30]} 9. Bd3 {[%clk 1:30:30]} Ba4 {[%clk
1:30:30]} 10. O-O {[%clk 1:30:30]} c4 {[%clk 1:30:30]} 11. Be2 {[%clk 1:30:30]}
Na6 {[%clk 1:30:30]} 12. Ng5 {[%clk 1:30:30]} h6 {[%clk 1:30:30]} 13. Nh3 {[%clk
1:30:30]} Kd7 {[%clk 1:30:30]} 14. Nf4 {[%clk 1:30:30]} Qg8 {[%clk 1:30:30]} 15.
Nh5 {[%clk 1:30:30]} Qh7 {[%clk 1:30:30]} 16. Ra2 {[%clk 1:30:30]} Nc7 {[%clk
1:30:30]} 17. f4 {[%clk 1:30:30]} Raf8 {[%clk 1:30:30]} 18. g4 {[%clk 1:30:30]}
f5 {[%clk 1:30:30]} 19. exf6 {[%clk 1:30:30]} gxf6 {[%clk 1:30:30]} 20. f5 {[%clk
1:30:30]} exf5 {[%clk 1:30:30]} 21. gxf5 {[%clk 1:30:30]} Nb5 {[%clk 1:30:30]}
22. Bd2 {[%clk 1:30:30]} Nd6 {[%clk 1:30:30]} 23. Bg4 {[%clk 1:30:30]} Rhg8
{[%clk 1:30:30]} 24. Kh1 {[%clk 1:30:30]} Kc8 {[%clk 1:30:30]} 25. Qf3 {[%clk
1:30:30]} Bd7 {[%clk 1:30:30]} 26. Ng3 {[%clk 1:30:30]} h5 {[%clk 1:30:30]} 27.
Nxh5 {[%clk 1:30:30]} Bxf5 {[%clk 1:30:30]} 28. Bxf5+ {[%clk 1:30:30]} Nexf5
{[%clk 1:30:30]} 29. Bf4 {[%clk 1:30:30]} Ne4 {[%clk 1:30:30]} 30. Qh3 {[%clk
1:30:30]} Qd7 {[%clk 1:30:30]} 31. Qf3 {[%clk 1:30:30]} Nh4 {[%clk 1:30:30]} 32.
Qe3 {[%clk 1:30:30]} Qg4 {[%clk 1:30:30]} 33. Ng3 {[%clk 1:30:30]} Nf5 {[%clk
1:30:30]} 34. Qf3 {[%clk 1:30:30]} Nfxg3+ {[%clk 1:30:30]} 35. Bxg3 {[%clk
1:30:30]} Nxg3+ {[%clk 1:30:30]} 36. Qxg3 {[%clk 1:30:30]} Qxg3 {[%clk 1:30:30]}
37. hxg3 {[%clk 1:30:30]} Rxg3 {[%clk 1:30:30]} 38. Kh2 {[%clk 1:30:30]} Rg4
{[%clk 1:30:30]} 39. Rf3 {[%clk 1:30:30]} Rh8+ {[%clk 1:30:30]} 40. Rh3 {[%clk
1:30:30]} Rxh3+ {[%clk 1:30:30]} 41. Kxh3 {[%clk 1:30:30]} Rg1 {[%clk 1:30:30]}
42. Kh2 {[%clk 1:30:30]} Rb1 {[%clk 1:30:30]} 0-1

[Event "Irena Warakomska Memorial A"]
[Site "Suwalki"]
[Date "2018.08.08"]
[Round "9"]
[White "Socko, Bartosz"]
[Black "Aleksandrov, Aleksej"]
[Result "0-1"]
[Board "2"]
[WhiteElo "2592"]
[WhiteTitle "GM"]
[WhiteCountry "POL"]
[WhiteFideId "1107038"]
[WhiteEloChange "-5"]
[BlackElo "2580"]
[BlackTitle "GM"]
[BlackCountry "BLR"]
[BlackFideId "13500139"]
[BlackEloChange "5"]

1. d4 {[%clk 1:30:30]} Nf6 {[%clk 1:30:54]} 2. c4 {[%clk 1:30:30]} e6 {[%clk
1:31:19]} 3. Nf3 {[%clk 1:30:54]} d5 {[%clk 1:31:44]} 4. g3 {[%clk 1:30:54]} Be7
{[%clk 1:29:45]} 5. Bg2 {[%clk 1:30:54]} O-O {[%clk 1:32:35]} 6. O-O {[%clk
1:32:14]} dxc4 {[%clk 1:32:45]} 7. Ne5 {[%clk 1:31:51]} Nc6 {[%clk 1:33:03]} 8.
Nxc6 {[%clk 1:32:01]} bxc6 {[%clk 1:33:04]} 9. Na3 {[%clk 1:32:07]} Bxa3 {[%clk
1:23:49]} 10. bxa3 {[%clk 1:31:48]} Nd5 {[%clk 1:23:45]} 11. Qa4 {[%clk 1:24:07]}
Nb6 {[%clk 1:12:04]} 12. Qa5 {[%clk 1:15:33]} Qxd4 {[%clk 0:56:22]} 13. Be3
{[%clk 1:14:15]} Qf6 {[%clk 0:56:45]} 14. Bxc6 {[%clk 1:13:33]} Rb8 {[%clk
0:55:27]} 15. Bg5 {[%clk 1:10:25]} Qg6 {[%clk 0:47:24]} 16. Be7 {[%clk 1:10:21]}
e5 {[%clk 0:47:44]} 17. Bg2 {[%clk 0:45:20]} Re8 {[%clk 0:46:18]} 18. Qxa7 {[%clk
0:45:26]} Bh3 {[%clk 0:26:31]} 19. Bxh3 {[%clk 0:43:20]} Qc6 {[%clk 0:23:37]} 20.
Bg2 {[%clk 0:37:11]} e4 {[%clk 0:23:55]} 21. Rfd1 {[%clk 0:28:13]} Ra8 {[%clk
0:07:27]} 22. Bxe4 {[%clk 0:28:21]} Qxe4 {[%clk 0:07:50]} 23. Qxc7 {[%clk
0:28:45]} Na4 {[%clk 0:04:39]} 24. Bb4 {[%clk 0:28:16]} c3 {[%clk 0:04:57]} 25.
Rac1 {[%clk 0:26:46]} Qxe2 {[%clk 0:03:21]} 26. Qc6 {[%clk 0:19:58]} h6 {[%clk
0:01:05]} 27. Qd5 {[%clk 0:15:33]} Rec8 {[%clk 0:00:49]} 28. Re1 {[%clk 0:14:14]}
Qa6 {[%clk 0:00:42]} 29. Re7 {[%clk 0:13:39]} Qf6 {[%clk 0:00:58]} 30. Rc7 {[%clk
0:13:08]} Rab8 {[%clk 0:00:47]} 31. Ra7 {[%clk 0:07:43]} Nb2 {[%clk 0:01:06]} 32.
Rc2 {[%clk 0:07:40]} Rd8 {[%clk 0:01:11]} 33. Rd7 {[%clk 0:06:24]} Rxd7 {[%clk
0:01:04]} 34. Qxd7 {[%clk 0:06:49]} Rd8 {[%clk 0:00:49]} 35. Bxc3 {[%clk
0:06:45]} Qg5 {[%clk 0:00:41]} 36. Qc6 {[%clk 0:04:17]} Nd3 {[%clk 0:00:37]} 37.
Rd2 {[%clk 0:03:55]} Qf5 {[%clk 0:00:56]} 38. Re2 {[%clk 0:02:11]} Rc8 {[%clk
0:00:59]} 39. Re8+ {[%clk 0:00:35]} Kh7 {[%clk 0:01:24]} 40. Rh8+ {[%clk
0:30:32]} Rxh8 {[%clk 0:31:49]} 0-1

[Event "Irena Warakomska Memorial A"]
[Site "Suwalki"]
[Date "2018.08.08"]
[Round "9"]
[White "Matviishen, Viktor"]
[Black "Stupak, Kirill"]
[Result "1-0"]
[Board "4"]
[WhiteElo "2423"]
[WhiteTitle "IM"]
[WhiteCountry "UKR"]
[WhiteFideId "14129850"]
[WhiteEloChange "7"]
[BlackElo "2575"]
[BlackTitle "GM"]
[BlackCountry "BLR"]
[BlackFideId "13503758"]
[BlackEloChange "-7"]

1. d4 {[%clk 1:30:30]} g6 {[%clk 1:30:30]} 2. c4 {[%clk 1:24:00]} Bg7 {[%clk
1:31:16]} 3. Nc3 {[%clk 1:24:25]} e6 {[%clk 1:31:43]} 4. Nf3 {[%clk 1:24:27]} Ne7
{[%clk 1:32:08]} 5. g3 {[%clk 1:23:56]} d5 {[%clk 1:32:31]} 6. cxd5 {[%clk
1:24:01]} exd5 {[%clk 1:32:57]} 7. Bg2 {[%clk 1:24:26]} Nbc6 {[%clk 1:33:02]} 8.
O-O {[%clk 1:22:07]} O-O {[%clk 1:31:53]} 9. e3 {[%clk 1:21:34]} Bf5 {[%clk
1:22:19]} 10. Nh4 {[%clk 1:18:38]} Be6 {[%clk 1:22:02]} 11. h3 {[%clk 1:14:35]}
Qd7 {[%clk 1:14:02]} 12. Kh2 {[%clk 1:15:04]} h6 {[%clk 1:11:32]} 13. f4 {[%clk
1:10:36]} f6 {[%clk 1:00:03]} 14. f5 {[%clk 0:45:10]} Bxf5 {[%clk 0:56:55]} 15.
Nxf5 {[%clk 0:45:24]} Nxf5 {[%clk 0:57:17]} 16. Nxd5 {[%clk 0:39:26]} Kh7 {[%clk
0:47:07]} 17. Nf4 {[%clk 0:38:51]} Qd6 {[%clk 0:45:32]} 18. Qg4 {[%clk 0:27:51]}
Nfe7 {[%clk 0:45:11]} 19. Ne6 {[%clk 0:28:14]} Rf7 {[%clk 0:42:01]} 20. Nxg7
{[%clk 0:28:19]} Kxg7 {[%clk 0:41:50]} 21. Bd2 {[%clk 0:28:08]} Rd8 {[%clk
0:36:34]} 22. Rac1 {[%clk 0:28:22]} f5 {[%clk 0:34:40]} 23. Qf3 {[%clk 0:24:24]}
Nd5 {[%clk 0:31:14]} 24. e4 {[%clk 0:23:17]} Nxd4 {[%clk 0:31:33]} 25. Qf2 {[%clk
0:23:31]} Nf6 {[%clk 0:29:40]} 26. Bf4 {[%clk 0:20:23]} Qb6 {[%clk 0:28:36]} 27.
exf5 {[%clk 0:17:13]} Nxf5 {[%clk 0:28:12]} 28. Qxb6 {[%clk 0:17:18]} cxb6 {[%clk
0:28:01]} 29. g4 {[%clk 0:14:15]} Nh4 {[%clk 0:14:04]} 30. Be5 {[%clk 0:12:46]}
g5 {[%clk 0:12:53]} 31. Bxf6+ {[%clk 0:12:51]} Rxf6 {[%clk 0:12:58]} 32. Rc7+
{[%clk 0:13:20]} Kg8 {[%clk 0:13:02]} 33. Rxf6 {[%clk 0:13:48]} Rd2 {[%clk
0:13:26]} 34. Re6 {[%clk 0:13:15]} 1-0

[Event "Irena Warakomska Memorial A"]
[Site "Suwalki"]
[Date "2018.08.08"]
[Round "9"]
[White "Karthik Venkataraman"]
[Black "Kosakowski, Jakub"]
[Result "1-0"]
[Board "5"]
[WhiteElo "2514"]
[WhiteTitle "IM"]
[WhiteCountry "IND"]
[WhiteFideId "25006479"]
[WhiteEloChange "3"]
[BlackElo "2324"]
[BlackTitle "FM"]
[BlackCountry "POL"]
[BlackFideId "1185080"]
[BlackEloChange "-5"]

1. d4 {[%clk 1:30:30]} d5 {[%clk 1:30:30]} 2. Nf3 {[%clk 1:30:54]} Nf6 {[%clk
1:30:30]} 3. c4 {[%clk 1:30:54]} e6 {[%clk 1:31:14]} 4. Nc3 {[%clk 1:31:09]} a6
{[%clk 1:31:01]} 5. cxd5 {[%clk 1:29:36]} exd5 {[%clk 1:31:22]} 6. Bg5 {[%clk
1:30:03]} Be6 {[%clk 1:31:37]} 7. e3 {[%clk 1:30:28]} Nbd7 {[%clk 1:31:29]} 8.
Bd3 {[%clk 1:30:49]} Bd6 {[%clk 1:30:23]} 9. Qc2 {[%clk 1:30:44]} c6 {[%clk
1:25:35]} 10. Bf4 {[%clk 1:30:13]} Qc7 {[%clk 1:23:58]} 11. Bxd6 {[%clk 1:30:31]}
Qxd6 {[%clk 1:24:21]} 12. h3 {[%clk 1:28:00]} h6 {[%clk 1:22:26]} 13. O-O-O
{[%clk 1:27:57]} b5 {[%clk 1:06:41]} 14. Kb1 {[%clk 1:28:09]} O-O-O {[%clk
1:04:33]} 15. Bxb5 {[%clk 1:24:56]} Kb7 {[%clk 1:00:05]} 16. Bd3 {[%clk 1:25:03]}
c5 {[%clk 0:59:38]} 17. e4 {[%clk 1:23:08]} c4 {[%clk 0:57:43]} 18. Bxc4 {[%clk
1:20:09]} dxc4 {[%clk 0:56:20]} 19. e5 {[%clk 1:20:15]} Qc6 {[%clk 0:55:40]} 20.
exf6 {[%clk 1:20:40]} Nxf6 {[%clk 0:56:04]} 21. Ne5 {[%clk 1:21:06]} Qxg2 {[%clk
0:55:07]} 22. Rdg1 {[%clk 1:21:09]} Qxh1 {[%clk 0:53:38]} 23. Rxh1 {[%clk
1:21:32]} Rxd4 {[%clk 0:54:02]} 24. Rd1 {[%clk 1:21:09]} Rhd8 {[%clk 0:54:26]}
25. Rxd4 {[%clk 1:21:32]} Rxd4 {[%clk 0:54:49]} 26. Qa4 {[%clk 1:21:58]} 1-0